| 000 | 00580nam a2200193 u 4500 | ||
|---|---|---|---|
| 005 | 20210223131255.0 | ||
| 008 | 100506s2007 r 000 0 eng d | ||
| 020 | _a8497165101 | ||
| 035 | _aUPN01000175667 | ||
| 049 | _aCG | ||
| 050 | 4 |
_aPL8013 E8 _bC8.3 |
|
| 245 | 0 | 0 |
_aCuentos populares de Africa / _ccomp. René Basset ; tr. Esteve Serra. |
| 260 |
_aBarcelona, Esp. : _bJosé J. de Olañeta, _c2007. |
||
| 300 | _a333 p. | ||
| 440 | 0 |
_aBiblioteca de cuentos maravillosos ; _v164 |
|
| 650 | 4 |
_aCUENTOS AFRICANOS _912227 |
|
| 700 | 1 |
_aBasset, René, _ecomp. |
|
| 905 | _aLibro | ||
| 999 |
_c147770 _d147770 |
||